An Introduction to syntax / (Record no. 12071)
[ view plain ]
| 000 -LEADER | |
|---|---|
| fixed length control field | 00611nam a22002052 4500 |
| 001 - CONTROL NUMBER | |
| control field | 0000018712 |
| 005 - DATE AND TIME OF LATEST TRANSACTION | |
| control field | 20151217155221.0 |
| 008 - FIXED-LENGTH DATA ELEMENTS--GENERAL INFORMATION | |
| fixed length control field | 100609s xx 000 0 eng d |
| 020 ## - INTERNATIONAL STANDARD BOOK NUMBER | |
| International Standard Book Number | 0521635667 : |
| 040 ## - CATALOGING SOURCE | |
| Original cataloging agency | KABU |
| Transcribing agency | KABU |
| 100 1# - MAIN ENTRY--PERSONAL NAME | |
| Personal name | Van Valin, Robert D. |
| -- | 0000178035 |
| 245 13 - TITLE STATEMENT | |
| Title | An Introduction to syntax / |
| Statement of responsibility, etc. | Robert D. Van Valin. |
| 250 ## - EDITION STATEMENT | |
| Edition statement | 1st ed. |
| 260 ## - PUBLICATION, DISTRIBUTION, ETC. (IMPRINT) | |
| Place of publication, distribution, etc. | Cambridge : |
| Name of publisher, distributor, etc. | U. O. C., |
| Date of publication, distribution, etc. | 2001. |
| 300 ## - PHYSICAL DESCRIPTION | |
| Extent | xvi, 239 p. |
| 650 #0 - SUBJECT ADDED ENTRY--TOPICAL TERM | |
| Topical term or geographic name as entry element | Grammer, Comparative and general |
| General subdivision | Syntax. |
| -- | 0000178036 |
| 852 1# - LOCATION | |
| -- | p2800 KES |
| 908 ## - PUT COMMAND PARAMETER (RLIN) | |
| Put command parameter | 100609 |
| 950 ## - LOCAL HOLDINGS (RLIN) | |
| -- | 1 |
| Withdrawn status | Lost status | Source of classification or shelving scheme | Not for loan | Home library | Current library | Date acquired | Total Checkouts | Full call number | Barcode | Date last seen | Date last checked out | Price effective from | Koha item type |
|---|---|---|---|---|---|---|---|---|---|---|---|---|---|
| Library of Congress Classification | Kabarak, Main Campus | Kabarak, Main Campus | 17/12/2015 | 2 | P291 .V36 2001 c. 1 | 24974 | 27/10/2016 | 15/10/2016 | 17/12/2015 | General Collection |